00463nam a2200145Ia 4500008004100000024001500041082001800056100001900074245001400093260002500107600002100132650003800153952010900191999001700300250506s9999 xx 000 0 und d a11B-023-BS a005.12072 SYE aSyed Mubin Ali 0aE-Banking aKarachi:bUIT,c2012 aComputer Science aBachelor of Computer Science (BS) 001040708PR-CSaUITUbUITUd2022-07-26l0o005.12072 SYEpBS-558r2025-05-06 11:34:38w2025-05-06yPR c28818d28818